[Event "23rd EUR-ch (w)"]
[Site "Petrovac MNE"]
[Date "2023.03.28"]
[Round "10.46"]
[White "Donghvani, Nia"]
[Black "Spalir, Monika"]
[Result "1/2-1/2"]
[WhiteElo "2025"]
[BlackElo "2125"]
[EventDate "2023.03.18"]
[PlyCount "158"]
[WhiteTeam "Georgia"]
[BlackTeam "Slovenia"]

1.c4 c6 2.Nf3 Nf6 3.e3 d5 4.Nc3 Bg4 5.Qb3 Qb6 6.Ne5 Qxb3 7.axb3 e6 8.Nxg4 
Nxg4 9.d4 Nd7 10.Be2 Ngf6 11.O-O Be7 12.Bd3 O-O 13.c5 e5 14.f3 Rfe8 15.b4 
a6 16.Bd2 exd4 17.exd4 Nf8 18.Rfe1 Ne6 19.Be3 Nd7 20.Rad1 Bf6 21.Bf5 Ndf8 
22.Bf2 g6 23.Bc2 Nc7 24.Kf1 Nfe6 25.g3 Nb5 26.Nxb5 axb5 27.Bb3 Kf8 28.f4 
h5 29.Kg2 Kg7 30.Kf3 Kf8 31.g4 Nxd4+ 32.Bxd4 Rxe1 33.Bxf6 hxg4+ 34.Kxg4 
Re3 35.Bc2 Rae8 36.Bd3 R8e6 37.Bd4 f5+ 38.Kh4 Rf3 39.Be5 Kf7 40.Rd2 g5+ 
41.Kxg5 Rg6+ 42.Kxf5 Rh3 43.Be2 Rxh2 44.Bf3 Rxd2 45.Bh5 Rg2 46.Bf6 Rg3 47.
Bg5 d4 48.Bxg6+ Kg8 49.Bh4 Rb3 50.Ke4 Rxb4 51.Kd3 Kg7 52.Bf5 Rxb2 53.Kxd4 
Rd2+ 54.Bd3 Kf7 55.Be1 Rh2 56.f5 Rh3 57.Bc3 Rh8 58.Ke4 Rh4+ 59.Ke3 Rh3+ 
60.Kd2 Rh2+ 61.Be2 Rf2 62.f6 Ke6 63.Ke3 Rg2 64.Bf3 Rg5 65.Bd4 Kf7 66.Kf4 
Rg8 67.Bh5+ Ke6 68.f7 Rf8 69.Bg7 Rxf7+ 70.Bxf7+ Kxf7 71.Bc3 Ke6 72.Ke4 Kd7
73.Kf5 b6 74.cxb6 c5 75.Be5 Kc6 76.Bc7 b4 77.Ke4 b3 78.Kd3 c4+ 79.Kc3 Kb7 
1/2-1/2

[Event "23rd EUR-ch (w)"]
[Site "Petrovac MNE"]
[Date "2023.03.28"]
[Round "10.49"]
[White "Pavlidou, Ekaterini"]
[Black "Tsotsonava, Elene"]
[Result "0-1"]
[WhiteElo "2178"]
[BlackElo "2030"]
[EventDate "2023.03.18"]
[PlyCount "68"]
[WhiteTeam "Greece"]
[BlackTeam "Georgia"]

1.d4 Nf6 2.c4 e6 3.Nc3 Bb4 4.e3 O-O 5.Ne2 c6 6.a3 Ba5 7.c5 d6 8.cxd6 Qxd6 
9.b4 Bc7 10.g3 a5 11.b5 a4 12.Bg2 Bd7 13.O-O cxb5 14.Bxb7 Ra7 15.Bg2 Bc6 
16.e4 Ba5 17.e5 Qc7 18.exf6 Bxg2 19.Kxg2 Bxc3 20.Nxc3 Qxc3 21.Bh6 Rd8 22.
Qg4 g6 23.Rfc1 Qb3 24.Rc5 Nd7 25.Rac1 Raa8 26.Be3 Nxf6 27.Qe2 Ne4 28.Rxb5 
Nc3 29.Rxc3 Qxc3 30.Rc5 Qxa3 31.Bh6 Qb4 32.Rc4 Qb7+ 33.f3 Qd5 34.Be3 Rdc8 
0-1